00461nam a22001457a 450000500170000001000150001702000260003203500140005803700090007208200080008124500490008926000420013827001140018030000210029420250127123818.0 aENG-143599 a9789393757333c195.00 aEN-127131 bDBAD a921 aBajirao Peshwe/cBy Vishwakarma Publications aMaharashtrabVishwakarma Publications a34A / 1, Suyog Centre, 7th Floor, Gultekadi Marketyard Road, Giridhar Bhavan Chowk, PunebMaharashtrae411037 a142p. c21cm(pb)